Normal view
MARC view
- Avinash dixit
Entry Personal Name
001 - CONTROL NUMBER
- control field: 35765
003 - CONTROL NUMBER IDENTIFIER
- control field: OSt
005 - DATE AND TIME OF LATEST TRANSACTION
- control field: 20260604102051.0
008 - FIXED-LENGTH DATA ELEMENTS
- fixed length control field: 260604|| aca||aabn | a|a d
040 ## - CATALOGING SOURCE
- Original cataloging agency: OSt
- Transcribing agency: OSt
100 ## - HEADING--PERSONAL NAME
- Personal name: Avinash dixit
670 ## - SOURCE DATA FOUND
- Source citation: Work cat.: (OSt)8594: Avinash dixit, Games of Strategy 6/e {ISE}